Catálogo
 En Linea

La Jom Atenda / (Registro nro. 48900)

Detalles MARC
000 -CABECERA
campo de control de longitud fija 00612nam a22002057a 4500
003 - IDENTIFICADOR DEL NÚMERO DE CONTROL
campo de control DO-SdBNP
005 - FECHA Y HORA DE LA ÚLTIMA TRANSACCIÓN
campo de control 20220224090524.0
007 - CAMPO FIJO DE DESCRIPCIÓN FÍSICA--INFORMACIÓN GENERAL
campo de control de longitud fija ta
008 - DATOS DE LONGITUD FIJA--INFORMACIÓN GENERAL
campo de control de longitud fija 201015b 2012 00| 0 eng d
020 ## - NÚMERO INTERNACIONAL ESTÁNDAR DEL LIBRO
Número Internacional Estándar del Libro 9789945469912
040 ## - FUENTE DE LA CATALOGACIÓN
Centro catalogador/agencia de origen DO-SdBNP
Lengua de catalogación spa
Centro/agencia transcriptor BNPHU
100 1# - ENTRADA PRINCIPAL--NOMBRE DE PERSONA
Nombre de persona Abréu, Dió-genes,
Fechas asociadas al nombre 1959-
9 (RLIN) 76927
245 13 - MENCIÓN DE TÍTULO
Título La Jom Atenda /
Mención de responsabilidad, etc. Dió-genes Abréu.
260 ## - PUBLICACIÓN, DISTRIBUCIÓN, ETC.
Lugar de publicación, distribución, etc. Santo Domingo :
Nombre del editor, distribuidor, etc. Nacional,
Fecha de publicación, distribución, etc. 2012.
300 ## - DESCRIPCIÓN FÍSICA
Extensión 81 p. ;
Dimensiones 23 cm.
500 ## - NOTA GENERAL
Nota general Incluye datos biográficos del autor en las solapas.
586 ## - NOTA DE PREMIOS
Nota de premios Premio de Teatro Letras de Ultramar, 2011
590 ## - NOTA LOCAL (RLIN)
Nota local Inventariado, 2022/BT
942 ## - ELEMENTOS DE PUNTO DE ACCESO ADICIONAL (KOHA)
Fuente del sistema de clasificación o colocación Dewey Decimal Classification
Tipo de ítem Koha Libro
Existencias
Estado de retiro Estado de pérdida Fuente del sistema de clasificación o colocación Restricciones de uso No para préstamo Código de colección Localización permanente Ubicación/localización actual Ubicación en estantería Fecha de adquisición Total de préstamos Fecha visto por última vez Precio válido a partir de Tipo de ítem Koha Fuente de adquisición Código de barras Número de copia
    Dewey Decimal Classification Préstamo restringido   Patrimonio Dominicano Biblioteca Nacional Pedro Henríquez Ureña Biblioteca Nacional Pedro Henríquez Ureña Depósito 15.10.2020   15.10.2020 15.10.2020 Libro      
    Dewey Decimal Classification Préstamo restringido   Patrimonio Dominicano Biblioteca Nacional Pedro Henríquez Ureña Biblioteca Nacional Pedro Henríquez Ureña Depósito 24.02.2022   24.02.2022 24.02.2022 Libro Compra 2022-0789 e.2
    Dewey Decimal Classification   Préstamo en sala Dominicana de Servicio Biblioteca Nacional Pedro Henríquez Ureña Biblioteca Nacional Pedro Henríquez Ureña En catalogación 24.02.2022   24.02.2022 24.02.2022 Libro Compra 2022-0790 e.3
    Dewey Decimal Classification   Préstamo en sala Dominicana de Servicio Biblioteca Nacional Pedro Henríquez Ureña Biblioteca Nacional Pedro Henríquez Ureña En catalogación 24.02.2022   24.02.2022 24.02.2022 Libro Compra 2022-0791 e.4
    Dewey Decimal Classification   Préstamo en sala Dominicana de Servicio Biblioteca Nacional Pedro Henríquez Ureña Biblioteca Nacional Pedro Henríquez Ureña En catalogación 24.02.2022   24.02.2022 24.02.2022 Libro Compra 2022-0792 e.5

Con tecnología Koha